000 00486nam a2200145 a 4500
001 000017206
005 20200929165041.0
008 100319s19uu dr a 000 0 spa d
040 _aDO-SdBNP
_bspa
_cBNPHU
082 _axxx
_bM294p
245 0 0 _aManual de normas :
_bPlan nacional de supervivencia infantil, unidos por la salud.
260 _aSanto Domingo :
_bSecretaría de Estado de Salud Pública y Asistencia Social,
_c[19--?].
300 _a198 p. :
_bil. ;
_c28 cm.
049 _aBNPD
999 _c16732
_d16732